| 000 | 00659nam a2200229Ia 4500 | ||
|---|---|---|---|
| 003 | GCL | ||
| 008 | 140319s9999 xx 000 0 ara d | ||
| 040 |
_aGCL / _cGCL |
||
| 082 | 0 | 4 |
_a907 _bم ت |
| 100 | 1 | _aموزوليف | |
| 245 | 1 | 0 |
_aالتاريخ دراسة مسلية / _cموزوليف |
| 700 | 1 | _aعبدالغنى النبوى الشال | |
| 700 | 1 | _aمحمد خليفة بركات | |
| 300 | _a72 | ||
| 490 |
_aالالف كتاب _v0 |
||
| 650 | 0 | 4 | _aالتاريخ |
| 650 | 0 | 4 | _aالشرق الادنى |
| 650 | 0 | 4 | _aالشرق الاقصى |
| 650 | 0 | 4 | _aالشرق القديم |
| 650 | 0 | 4 | _aالتاريخ - علم |
| 942 |
_2ddc _cBK |
||
| 999 |
_c42421 _d42421 |
||